| 000 | 00940nas a2200301 4500 | ||
|---|---|---|---|
| 001 | BR9902068 | ||
| 003 | BR-BrBNA | ||
| 005 | 20231205101400.0 | ||
| 007 | ta | ||
| 008 | 230509b bl.|||p| |||| 00| 00por d | ||
| 040 |
_aBR-BrBNA _bpor _cBiblioteca Nacional de Agricultura |
||
| 041 | _a(Pt) | ||
| 072 | _aL70 | ||
| 100 | 1 | _aCorrea, G.A. | |
| 100 | 1 | _aScherer, H.A. | |
| 100 | 1 | _aBreitsameter, I. | |
| 100 | 1 | _aGaiga, L. | |
| 100 | 1 | _aLamberts, M. | |
| 245 | 1 | _aControle reprodutivo e sanitario de caes e gatos no municipio de Porto Alegre e redondeza nos anos de 1996 e 1997 | |
| 650 | _aCao | ||
| 650 | _aGato | ||
| 650 | _aCastracao | ||
| 650 | _aZoonose | ||
| 650 | _aRio Grande do Sul | ||
| 773 | 0 |
_tArquivos da Faculdade de Veterinaria da Universidade Federal do Rio Grande do Sul (Brazil) _xISSN 0101-5230 _g(1998), v. 26(1) p. 65-70 _wBR9902068 |
|
| 909 |
_a202311 _bLúcia _c55 _dLúcia Elande |
||
| 942 |
_2AGRIS _n0 _cANA |
||
| 999 |
_c161491 _d161491 |
||